Normal view
MARC view
Entry Personal Name
001 - CONTROL NUMBER
- control field: 10355
003 - CONTROL NUMBER IDENTIFIER
- control field: ARRUPE
005 - DATE AND TIME OF LATEST TRANSACTION
- control field: 20140520132532.0
008 - FIXED-LENGTH DATA ELEMENTS
- fixed length control field: 140520|| aca||aabn | a|a d
040 ## - CATALOGING SOURCE
- Original cataloging agency: ARRUPE
- Transcribing agency: ARRUPE
100 ## - HEADING--PERSONAL NAME
- Personal name: Chekhov, Anton Pavlovich,
- Dates associated with a name: 1860-1904.
670 ## - SOURCE DATA FOUND
- Source citation: Work cat.: (ARRUPE)0: Chekhov, Anton Pavlovich, 1860-1904., Letters of Anton Chekhov /, 1973.